Southville International School and Colleges
Your cart is empty.
  • Cart
  • Lists
    Public lists Eva Luna New books Lux_list list_1
    Your lists Log in to create your own lists
  • Log in to your account
  • Your cookies
  • Search history
Southville International School and Colleges
  • Advanced search
  • Recent comments
  • Most popular
  • Libraries

Log in to your account

Log in with GOOGLE


If you do not have an external account, but do have a local account, you can still log in:

  1. Home
  2. MARC view: Student guide to internal assessment - physics :
Normal view MARC view ISBD view

Student guide to internal assessment - physics : (Record no. 3343)

[ view plain ]
MARC details
000 -LEADER
fixed length control field 00598nam a22001937a 4500
003 - CONTROL NUMBER IDENTIFIER
control field OSt
005 - DATE AND TIME OF LATEST TRANSACTION
control field 20151203153451.0
008 - FIXED-LENGTH DATA ELEMENTS--GENERAL INFORMATION
fixed length control field 130628t xxu||||| |||| 00| 0 eng d
020 ## - INTERNATIONAL STANDARD BOOK NUMBER
International Standard Book Number 9781876659325
050 ## - LIBRARY OF CONGRESS CALL NUMBER
Classification number QC 75
Item number .R457 2008
082 ## - DEWEY DECIMAL CLASSIFICATION NUMBER
Classification number IB 530.02
Item number R33 2008
100 ## - MAIN ENTRY--PERSONAL NAME
Personal name Reyes, Cesar
245 ## - TITLE STATEMENT
Title Student guide to internal assessment - physics :
Remainder of title for use with the international baccalaureate diploma programme
Statement of responsibility, etc Cesar Reyes and Christopher Talbot.
260 ## - PUBLICATION, DISTRIBUTION, ETC. (IMPRINT)
Place of publication, distribution, etc Australia :
Name of publisher, distributor, etc IBID Press,
Date of publication, distribution, etc 2008.
300 ## - PHYSICAL DESCRIPTION
Extent 129 p. ;
Dimensions 28 cm.
562 ## - COPY AND VERSION IDENTIFICATION NOTE
Number of copies 1
942 ## - ADDED ENTRY ELEMENTS (KOHA)
Source of classification or shelving scheme Library of Congress Classification
Koha item type Books
Holdings
Withdrawn status Lost status Source of classification or shelving scheme Damaged status Home library Current library Shelving location Date acquired Total Checkouts Total Renewals Full call number Barcode Date last seen Date checked out Copy number Price effective from Koha item type
    Library of Congress Classification   Luxembourg Library Luxembourg Library International Baccalaureate Section 10/24/2013 2 2 QC 75 .R457 2008 16749 10/21/2016 09/02/2016 1 10/24/2013 Books

Student guide to internal assessment - physics :

APA

Reyes C., . (2008). Student guide to internal assessment - physics. Australia: IBID Press.

Chicago

Reyes Cesar, . 2008. Student guide to internal assessment - physics. Australia: IBID Press.

Harvard

Reyes C., . (2008). Student guide to internal assessment - physics. Australia: IBID Press.

MLA

Reyes Cesar, . Student guide to internal assessment - physics. Australia: IBID Press. 2008.

  • Place hold
  • Print
  • Cite
  • Add to your cart (remove)
  • Save record
    BIBTEX Dublin Core MARCXML MARC (non-Unicode/MARC-8) MARC (Unicode/UTF-8) MARC (Unicode/UTF-8, Standard) MODS (XML) RIS
  • More searches
    Search for this title in:
    Other Libraries (WorldCat) Other Databases (Google Scholar) Online Stores (Bookfinder.com) Open Library (openlibrary.org)

Exporting to Dublin Core...

SOUTHVILLE LIBRARY

Southville International School and Colleges Library

1281 Tropical Ave. Cor. Luxembourg St., BF Homes International, Las Pinas City

Tel. No. 8256374 / 252358 Loc. 117/146

Powered by Koha